000 00512nam a2200145Ia 4500
008 100122s9999 xx 000 0 und d
082 _b51279
_a81
100 _aखाडिलकर नीलकंठ
245 _aआचार्य अत्रे झंझावात
260 _bशलाका प्रकाशन
_c1995
300 _a74
630 _aआचार्य अत्रे झंझावात
730 _aआचार्य अत्रे झंझावात
942 _cBOOK
999 _c428741
_d428738